000 00730nam a2200265Ia 4500
003 OSt
005 20220912151011.0
006 a|||||r|||| 00| 0
007 ta
008 220909b |||||||| |||| 00| 0 eng d
024 _a56402
037 _cTextual
040 _aCSL
_beng
_cCSL
041 _aeng
082 _aY7:7:7z7, L6
100 _aPitt David C Ed.
245 0 _aDevelopment from below: Anthropologists and development situations
260 _aThe Hague
_bHauge Mouton Pub
_c1976
300 _ax,277p.
_ccm.
490 _aWorld Anthropology
500 _aBibliography 267-70p
650 _aAnthropology
942 _hY7:7:7z7, L6
_cTEXL
_2CC
999 _c59138
_d59138